000 00424nam a2200181Ia 4500
001 20656
005 20260306172821.0
008 260306t2008||||xx |||||||||||||| ||spa||
041 _aESP
082 _a343.6
_bG23
100 _aGarcía de Enterría, Eduardo
_eAUT
245 0 _aCurso de derecho Administrativo
260 _c2008
300 _a
_c24 cm.
650 _aGEN
654 _aCDE
942 _cLIB
_dJUS
_fJUS
_2ddc
_n
999 _c20656
_d20656